| 000 | 00000nam##2200000za#4500 |
| 001 | 9.568327 |
| 003 | CaOODSP |
| 005 | 20240215150447 |
| 007 | cr ||||||||||| |
| 008 | 150406|2001||||xxc|||||o f|0| 0 eng|d |
| 040 | |aCaOODSP|beng |
| 043 | |an-cn--- |
| 086 | 1 |aPS83-3/103E-PDF |
| 110 | 2 |aCorrectional Service Canada. |
| 245 | 10|aCorrectional officers professional orientation scales / |h[electronic resource]|c[by] Claude Tellier ... [et al]. |
| 260 | |bCorrectional Service Canada |cAugust 2001. |
| 300 | |a30p.|breferences |
| 490 | 1 |aResearch report|v[R-103] |
| 590 | |a10-14-Supp|b2010-12-03 |
| 720 | 1 |aDowden, Craig |
| 720 | 1 |aTellier, Claude |
| 720 | 1 |aFournier, Julie |
| 720 | 1 |aFranson, Jeffrey |
| 775 | 08|tÉchelles d'orientation professionnelle des agents de correction / |w(CaOODSP)9.599618 |
| 830 | #0|aResearch report (Correctional Service Canada. Research Branch)|v[R-103]|w(CaOODSP)9.506063 |
| 856 | 40|ahttp://publications.gc.ca|qPDF|s84 KB|uhttps://publications.gc.ca/collections/collection_2010/scc-csc/PS83-3-103-eng.pdf|y[R-103] |